India and Central Asia: The Strategic Dimension/ (Record no. 175760)
[ view plain ]
| 000 -LEADER | |
|---|---|
| fixed length control field | 00651nam a22001937a 4500 |
| 005 - DATE AND TIME OF LATEST TRANSACTION | |
| control field | 20200924160857.0 |
| 010 ## - LCCN (DPL NO) | |
| LC control number | ENG-128477 |
| 020 ## - INTERNATIONAL STANDARD BOOK NUMBER | |
| International Standard Book Number | 9789389137460 |
| Terms of availability | 1680.00 |
| 035 ## - SYSTEM CONTROL NUMBER | |
| System control number | EN-112009 |
| 037 ## - SOURCE OF ACQUISITION | |
| Source of stock number/acquisition | DBAD/PUB |
| 082 ## - DEWEY DECIMAL CLASSIFICATION NUMBER | |
| Classification number | 303.48254058 |
| 100 ## - MAIN ENTRY--PERSONAL NAME | |
| Personal name | Stobdan, P. |
| 245 ## - TITLE STATEMENT | |
| Title | India and Central Asia: The Strategic Dimension/ |
| Statement of responsibility, etc | by P. Stobdan |
| 260 ## - PUBLICATION, DISTRIBUTION, ETC. (IMPRINT) | |
| Place of publication, distribution, etc | New Delhi |
| Name of publisher, distributor, etc | KW Publishers |
| Date of publication, distribution, etc | 2020 |
| 270 ## - ADDRESS | |
| Address | 4676/21, First Floor Ansari Road Daryaganj |
| City | New Delhi |
| Postal code | 110002 |
| Telephone number | +911123263498/ 43528107 |
| Electronic mail address | kw@kwpub.com |
| 300 ## - PHYSICAL DESCRIPTION | |
| Extent | xix,502p. |
| Dimensions | 24cm (Hb) |
| 500 ## - GENERAL NOTE | |
| General note | Includes Annexures and Index |
| 942 ## - ADDED ENTRY ELEMENTS (KOHA) | |
| Source of classification or shelving scheme | Dewey Decimal Classification |
| Item type | English Books |
| Classification part | 303.48254058 |
| Call number suffix | STO |
| Withdrawn status | Lost status | Not for loan | Collection code | Home library | Current library | Date acquired | Source of acquisition | Cost, normal purchase price | Full call number | Barcode | Cost, replacement price | Koha item type |
|---|---|---|---|---|---|---|---|---|---|---|---|---|
| Non-fiction | Shahdara Branch | Shahdara Branch | 24/09/2020 | DBAD/PUB | 1680.00 | 303.48254058 STO | EN-112009 | 1680.00 | English Books |
